Inorganic Chemistry (Record no. 617179)

000 -LEADER
fixed length control field 00726nam a22002057a 4500
003 - CONTROL NUMBER IDENTIFIER
control field NUST
005 - DATE AND TIME OF LATEST TRANSACTION
control field 20260417164125.0
008 - FIXED-LENGTH DATA ELEMENTS--GENERAL INFORMATION
fixed length control field 260417b ||||| |||| 00| 0 eng d
020 ## - INTERNATIONAL STANDARD BOOK NUMBER
International Standard Book Number 0273742752, 9780273742753
082 ## - DEWEY DECIMAL CLASSIFICATION NUMBER
Classification number 546 HOU 2012
Author Mark HOU
100 ## - MAIN ENTRY--PERSONAL NAME
Personal name Catherine E. Housecroft, ‎A. G. Sharpe
Dates associated with a name 2012
9 (RLIN) 134205
245 ## - TITLE STATEMENT
Title Inorganic Chemistry
Statement of responsibility, etc. Catherine E. Housecroft, ‎A. G. Sharpe
250 ## - EDITION STATEMENT
Edition statement 4th
Remainder of edition statement illustrated, revised
260 ## - PUBLICATION, DISTRIBUTION, ETC.
Place of publication, distribution, etc. Barcelona, Spain
Name of publisher, distributor, etc. Pearson, 2012
Date of publication, distribution, etc. 2012
300 ## - PHYSICAL DESCRIPTION
Extent 1213 pb.
440 ## - SERIES STATEMENT/ADDED ENTRY--TITLE
Title Inorganic Chemistry
9 (RLIN) 134206
505 ## - FORMATTED CONTENTS NOTE
Statement of responsibility Catherine E. House croft, ‎A. G. Sharpe
590 ## - LOCAL NOTE (RLIN)
Linkage (RLIN) Donated By Prof. Muhammad Mazhar SNS Faculty
942 ## - ADDED ENTRY ELEMENTS (KOHA)
Source of classification or shelving scheme
Koha item type Book
Edition 4th
Call number prefix 546 HOU 2012
Call number suffix 546 HOU 2012
Holdings
Withdrawn status Lost status Source of classification or shelving scheme Damaged status Not for loan Permanent Location Current Location Shelving location Date acquired Total Checkouts Full call number Barcode Date last seen Price effective from Koha item type
          School of Natural Sciences (SNS) School of Natural Sciences (SNS) General Stacks 04/17/2026   546 HOU 2012 HOU SNS0003236 04/17/2026 04/17/2026 Book
© 2023 Central Library, National University of Sciences and Technology. All Rights Reserved.